[Event "SVK-chT4 A22 1718"]
[Site "Slovakia"]
[Date "2017.10.29"]
[Round "3.1"]
[White "Takacs, David"]
[Black "Brestovansky, Anton"]
[Result "0-1"]
[WhiteElo "1371"]
[BlackElo "1718"]
[PlyCount "78"]
[EventDate "2017.10.01"]
[EventType "team-tourn"]
[EventRounds "11"]
[EventCountry "SVK"]
[SourceTitle "EXT 2020"]
[Source "ChessBase"]
[SourceDate "2019.10.17"]
[SourceVersion "1"]
[SourceVersionDate "2019.10.17"]
[SourceQuality "1"]

1. e4 c5 2. Nf3 Nc6 3. Nc3 d6 4. Bb5 Bd7 5. 0-0 a6 6. Bxc6 Bxc6 7. d3 h6 8. Be3 e6 9. d4 cxd4 10. Nxd4 Nf6 11. Nxc6 bxc6 12. Qf3 d5 13. Rad1 Qb8 14. b3 Be7 15. Na4 Nxe4 16. Qe2 Qb7 17. f3 Nf6 18. c4 0-0 19. Rd3 dxc4 20. bxc4 Qb4 21. Nb6 Rad8 22. Rfd1 Rxd3 23. Qxd3 Rd8 24. Qb1 Rxd1+ 25. Qxd1 Bc5 26. Qe2 Qxb6 27. Bxc5 Qxc5+ 28. Qf2 Qxc4 29. Qb2 Qb5 30. Qc2 Nd5 31. Kf2 c5 32. a4 Qb4 33. g4 c4 34. Ke2 Nb6 35. Ke3 Qb3+ 36. Qxb3 cxb3 37. Kd2 b2 38. Kc2 Nxa4 39. h4 f5 0-1

[Event "SVK-chT4 A22 1617"]
[Site "Slovakia"]
[Date "2016.10.09"]
[Round "1.4"]
[White "Moravec, Milan"]
[Black "Takacs, David"]
[Result "1-0"]
[WhiteElo "1711"]
[BlackElo "1371"]
[PlyCount "95"]
[EventDate "2016.10.09"]
[EventType "team-tourn"]
[EventRounds "11"]
[EventCountry "SVK"]
[SourceTitle "EXT 2020"]
[Source "ChessBase"]
[SourceDate "2019.10.17"]
[SourceVersion "1"]
[SourceVersionDate "2019.10.17"]
[SourceQuality "1"]

1. d4 d5 2. c4 dxc4 3. e3 Nf6 4. Bxc4 e6 5. Nf3 Nc6 6. 0-0 Bd6 7. Nc3 0-0 8. Nb5 a6 9. Nxd6 Qxd6 10. Bd2 Re8 11. Rc1 Bd7 12. Qc2 Rac8 13. Bd3 h6 14. Qc5 Qxc5 15. Rxc5 Ne7 16. Rfc1 c6 17. Ne5 Rc7 18. Nc4 Ned5 19. Ba5 b6 20. Bxb6 Nxb6 21. Nxb6 Rb8 22. Nxd7 Nxd7 23. Rxc6 Rxc6 24. Rxc6 Rxb2 25. Rxa6 f6 26. g3 e5 27. Ra8+ Kf7 28. Ra7 Ke6 29. Bc4+ Kd6 30. Bb3 g5 31. dxe5+ Nxe5 32. Ra6+ Ke7 33. Re6+ Kd7 34. Rxf6 Nd3 35. Rf5 g4 36. Rd5+ Kc6 37. Rxd3 Rb1+ 38. Kg2 Kc5 39. Rd4 h5 40. Rd5+ Kb4 41. Rxh5 Kc3 42. Rg5 Kd2 43. Rxg4 Ke2 44. Bc4+ Kd2 45. a4 Kc3 46. Bf1 Rb4 47. Rxb4 Kxb4 48. Bb5 1-0